El deber de denunciar delitos cometidos contra personas menores de edad y el secreto profesional en Costa Rica /
Shranjeno v:
| Glavni avtor: | |
|---|---|
| Format: | Texto |
| Teme: | |
| Oznake: |
Označite
Brez oznak, prvi označite!
|
MARC
| LEADER | 00000 a a2200000 04500 | ||
|---|---|---|---|
| 001 | 2200 | ||
| 003 | |||
| 040 | |||
| 100 | |a Hidalgo, Adriana | ||
| 245 | |a El deber de denunciar delitos cometidos contra personas menores de edad y el secreto profesional en Costa Rica / |c Adriana Hidalgo | ||
| 650 | |a DELITOS | ||
| 650 | |a ABUSO DE MENORES | ||
| 650 | |a LEGISLACION | ||
| 650 | |a CENTROAMERICA | ||
| 773 | |g número 5; páginas 4-8 | ||
| 999 | |c 32190 |d 32190 | ||
